Perfiles de proyectos: Encuesta sobre proyectos innovadores de America Latina y el Caribe que usan tecnología educacional (1980-1981) / Francisco E. Iglesias (Registro nro. 5714)

Detalles MARC
000 -LEADER
fixed length control field 00646nam a22001811a 4500
001 - CONTROL NUMBER
control field 5714
003 - CONTROL NUMBER IDENTIFIER
control field OSt
005 - DATE AND TIME OF LATEST TRANSACTION
control field 20260204212025.0
008 - FIXED-LENGTH DATA ELEMENTS--GENERAL INFORMATION
fixed length control field 060204s1983||||EUA||||||b||||||||||spa||
050 ## - LIBRARY OF CONGRESS CALL NUMBER
Classification number 372.358 P416p
245 ## - TÍTULO PROPIAMENTE DICHO: SUBTÍTULO
Title Perfiles de proyectos: Encuesta sobre proyectos innovadores de America Latina y el Caribe que usan tecnología educacional (1980-1981) / Francisco E. Iglesias
264 ## - PRODUCTION, PUBLICATION, DISTRIBUTION, MANUFACTURE, AND COPYRIGHT NOTICE
Place of production, publication, distribution, manufacture Washington: Secretaría General Organización de los Estados Americanos
300 ## - PHYSICAL DESCRIPTION
Extensión 564 p
490 ## - MENCIÓN DE SERIE
Series statement Serie monografías y estudios de la Educación No. 7
650 ## - ASIENTO SECUNDARIO DE MATERIA -- TERMINO TEMÁTICO
Termino Temático Como Elemento de Entrada 1.Tecnología - Educación
700 ## - ASIENTO SECUNDARIO -- NOMBRE PERSONAL
Personal name IglesiasÌ
942 ## - ADDED ENTRY ELEMENTS (KOHA)
Source of classification or shelving scheme Dewey Decimal Classification
Koha item type Libros
Existencias
Withdrawn status Lost status Source of classification or shelving scheme Damaged status Not for loan Current library Date acquired Full call number Barcode Date last seen Price effective from Koha item type
    Dewey Decimal Classification Dañado   Biblioteca UTECO 09/09/2019 372.358 P416P 010117 09/09/2019 09/09/2019 Libros
© 2021 Derechos Reservados UTECO - Teléfono: +1 809-585-2291 - Correo electrónico: biblioteca@uteco.edu.do​  
Código postal 43000 ​​
Dirección: Avenida Universitaria No. 100, 
Cotuí, Provincia Sánchez Ramírez, República Dominicana - RNC: 404-00059-6